000 00570nam a2200229 b 4500
001 0000620
003 DO-SdBNP
005 20180118130635.0
007 0000620
008 050617 1990 fr spa
017 _a
_b
020 _a2905538554
035 _a
040 _aBPMSU
_bspa
_cBPMSU
_e
100 1 _aVers, André
245 1 0 _aC´était quand hier? /
_h
_cAndré Vers
260 _aParis :
_bRégine Deforges,
_c1990.
300 _a456 p. :
_c25 cm
942 _2ddc
_cBK
945 _ainventariado, 2018 / dg
956 _aYLOCKWARD
_b10
_dBPMSU
_f00144
999 _c11210
_d11210